Agricultural development and the small farmer : (Record no. 958)

MARC details
000 -LEADER
fixed length control field 00911cam a2200253 a 4500
001 - CONTROL NUMBER
control field BD-DhSAU 958
001 - CONTROL NUMBER
control field 3330003
003 - CONTROL NUMBER IDENTIFIER
control field BD-DhSAU
005 - DATE AND TIME OF LATEST TRANSACTION
control field 20150108014151.0
008 - FIXED-LENGTH DATA ELEMENTS--GENERAL INFORMATION
fixed length control field 841207s1984 ii 100 0 eng
020 ## - INTERNATIONAL STANDARD BOOK NUMBER
Terms of availability Rs150.00
040 ## - CATALOGING SOURCE
Original cataloging agency BD-DhSAU
082 00 - DEWEY DECIMAL CLASSIFICATION NUMBER
Classification number 630.92
Edition number 22
Item number AGR
245 00 - TITLE STATEMENT
Title Agricultural development and the small farmer :
Remainder of title report on the Seminar /
Statement of responsibility, etc. inaugurated by Rajiv Gandhi ; organised by All India Congress Committee (I), Kisan Cell.
260 ## - PUBLICATION, DISTRIBUTION, ETC. (IMPRINT)
Place of publication, distribution, etc. New Delhi :
Name of publisher, distributor, etc. S. Chand,
Date of publication, distribution, etc. 1984.
300 ## - PHYSICAL DESCRIPTION
Extent 279 p. ;
Dimensions 23 cm.
520 ## - SUMMARY, ETC.
Summary, etc. Chiefly speeches and papers.
590 ## - Name of Cataloguer
Name of Cataloger roy
650 #0 - SUBJECT ADDED ENTRY--TOPICAL TERM
Topical term or geographic name as entry element Agriculture and state
Geographic subdivision India
Form subdivision Congresses.
650 #0 - SUBJECT ADDED ENTRY--TOPICAL TERM
Topical term or geographic name as entry element Agriculture
General subdivision Economic aspects
Geographic subdivision India
Form subdivision Congresses.
650 #0 - SUBJECT ADDED ENTRY--TOPICAL TERM
Topical term or geographic name as entry element Farms, Small
Geographic subdivision India
Form subdivision Congresses.
700 1# - ADDED ENTRY--PERSONAL NAME
Personal name Gandhi, Rajiv,
Dates associated with a name 1944-1991.
710 2# - ADDED ENTRY--CORPORATE NAME
Corporate name or jurisdiction name as entry element Indian National Congress (1).
Subordinate unit All India Congress Committee.
-- Kisan Cell.
942 ## - ADDED ENTRY ELEMENTS (KOHA)
Source of classification or shelving scheme Dewey Decimal Classification
Koha item type Book
Holdings
Withdrawn status Lost status Source of classification or shelving scheme Damaged status Not for loan Collection code Home library Branch Name Shelving location Date acquired Total Checkouts Full call number Barcode Date last seen Price effective from Koha item type
    Dewey Decimal Classification   Not For Loan Reference SAU Library SAU Library Reference 25/06/1992   630.92 AGR 21047 08/01/2015 08/01/2015 Book